header

Advances in quantitative analysis of finance and accounting (Record no. 1076)

MARC details
000 -LEADER
fixed length control field 01184nam a2200289Ia 4500
245 00 - TITLE STATEMENT
Title Advances in quantitative analysis of finance and accounting
260 ## - PUBLICATION, DISTRIBUTION, ETC. (IMPRINT)
Place of publication Hackensack, NJ :
Name of publisher World Scientific,
Year of publication c2005.
300 ## - PHYSICAL DESCRIPTION
Number of Pages xiv, 220 p. :
Other physical details ill.
650 #0 - SUBJECT ADDED ENTRY--TOPICAL TERM
Topical Term Finance
Topical Term Accounting
700 1# - ADDED ENTRY--PERSONAL NAME
Personal name Lee, Cheng F.
856 40 - ELECTRONIC LOCATION AND ACCESS
Uniform Resource Identifier http://site.ebrary.com/lib/rucke/Doc?id=10713435

No items available.

© 2026 Rongo University
Contact us: librarian | system librarian | Rongo university